15 principales países con muertes de Covid-19; 23 noviembre - Estadísticas

Estadísticas generales
  • Esta prueba ha sido intentada 6 veces
  • La puntuación promedio es 14 de 21
Estadísticas de respuestas
país % Correcto
Argentina
100%
España
100%
Estados Unidos
100%
Francia
100%
India
100%
Italia
100%
México
100%
Brasil
83%
Irán
83%
Chile
67%
Colombia
67%
Perú
67%
Reino Unido
67%
Bélgica
50%
Bolivia
50%
Ecuador
50%
Sudáfrica
50%
Rusia
33%
Bosnia y Herzegovina
0%
Indonesia
0%
Macedonia del Norte
0%
No se encontraron pruebas coincidentes
Distribución de puntuación
Porcentaje de gente con cada puntuación
Porcentaje por número respondido
Historial de tus puntuaciones
No has intentado esta prueba.